| 000 | 00683nam a2200181 i 4500 | ||
|---|---|---|---|
| 001 | 33114 | ||
| 003 | ES-MaACL | ||
| 005 | 20230906154710.0 | ||
| 007 | t| | ||
| 008 | 030201s1926 sp ||||1| spa d | ||
| 100 | 1 |
_aBerckmans, V. S. F. _927853 |
|
| 245 | 1 | 4 |
_aLos tetracloronitrobencenos, los tetraclorodinitrobencenos y el pentacloronitrobenceno _b: sus reacciones con el metilato de sodio / _cpor V. S. F. Berckmans y A. F. Holleman. |
| 260 |
_a[Madrid : _bs.n., _c1926] |
||
| 300 |
_a7 h. ; _c22 cm. |
||
| 500 | _aEs separata de: Anales de la Sociedad Española de Física y Química, t. XXIII, p. 358-371. | ||
| 700 | 1 |
_aHolleman, A. F. _964030 |
|
| 852 |
_aES-MaACL _j1691-F-14 |
||
| 999 |
_c33114 _d33114 |
||